[Event "HCL-M006"]
[Site "www.playchess.de"]
[Date "2001.04.27"]
[Round "2"]
[White "ARMAGEDON_8"]
[Black "Zsozso"]
[WhiteElo "2264"]
[BlackElo "2200"]
[PlyCount "61"]
[Result "1-0"]

1.e4 c5 2.Nf3 Nc6 3.d4 cxd4 4.Nxd4 Nf6 5.Nc3 e5 
6.Ndb5 {faithfull to pelikan?}  d6 {Yes, it's one 
my favourites.}  7.Bg5 {AT MAY I SHALL VISIT 
BUDAPEST}  a6 {When?}  8.Na3 {between 25-31 of May 
for vacations}  b5 {Have a good holiday for you!}  
9.Bxf6 {THANKS A LOT!!}  gxf6 10.Nd5 f5 11.Bxb5 
axb5 12.Nxb5 Ra4 13.Nbc7+ Kd7 14.O-O Qg5 15.c4 Rg8 
16.g3 Ra7 17.Nb5 Rb7 18.f4 Qh4 19.Qf3 Rxb5 20.cxb5 
Nd4 21.Qg2 Qh6 22.fxe5 dxe5 23.Rac1 f4 24.Rc7+ Kd8 
25.Rfc1 Bh3 26.Ra7 Bd6 27.Ra8+ Kd7 28.Nf6+ Qxf6 
29.Qxh3+ {SORRY,BUT WHO FELT VICTIM OF A PREPARED 
VARIATION.}  Qe6 {This game teaches me not to 
trust books without checking. Ra7 was excellent!}  
30.Ra7+ Kd8 31.Qxe6 1-0

[Event "HCL-E028"]
[Site "www.playchess.de"]
[Date "2001.04.27"]
[Round "3"]
[White "FD515"]
[Black "Radost"]
[WhiteElo "2050"]
[BlackElo "1959"]
[PlyCount "74"]
[Result "1/2-1/2"]

1.e4 d5 {hi}  2.exd5 {also welcome and have a nice 
game.}  Qxd5 {Warum nicht in deutsch? Wir werden 
uns bestimmt amuesieren!}  3.Nc3 Qa5 4.Nf3 Nf6 
5.d4 Bf5 6.Ne5 c6 7.Nc4 Qd8 8.Ne3 Bg6 9.Be2 e6 
10.Nc4 Qc7 11.Bg5 Nbd7 12.Bh4 Bd6 13.Nxd6+ Qxd6 
14.Qd2 Nb6 15.O-O-O Nbd5 16.Kb1 Nb4 17.Bg3 Qe7 
18.Rdc1 O-O 19.Be5 Nfd5 20.Bf3 Rfc8 21.h4 h6 22.h5 
Bh7 23.Ne4 Bxe4 24.Bxe4 Nb6 25.Qc3 Nd7 26.Qa3 Nxe5 
27.dxe5 Kf8 28.Rhd1 Nd5 29.Qg3 Rcd8 30.c4 Nb6 
31.Rd6 Rd7 32.c5 Nd5 33.f4 f5 34.Bxd5 cxd5 35.Qg6 
Re8 36.Qh7 Qf7 37.Rc3 Rc7 1/2-1/2

[Event "HCL-A076"]
[Site "www.playchess.de"]
[Date "2001.04.27"]
[Round "10"]
[White "klypp"]
[Black "Darkcurrent"]
[WhiteElo "2119"]
[BlackElo "1800"]
[PlyCount "53"]
[Result "1/2-1/2"]

1.e4 e6 {Hi!}  2.d4 d5 3.Nd2 {Hello from Norway}  
Nf6 4.Bd3 c5 5.c3 Nc6 6.Ngf3 cxd4 7.cxd4 dxe4 
8.Nxe4 Be7 9.O-O O-O 10.Be3 Nb4 11.Nxf6+ Bxf6 
12.Be4 Nd5 13.Qd3 h6 14.Rac1 Bd7 15.Ne5 Bxe5 
16.dxe5 Qa5 17.Rfd1 Bb5 18.Qd2 Qxd2 19.Bxd2 Rac8 
20.f4 Rfd8 21.Rxc8 Rxc8 22.Kf2 Kf8 23.Rc1 Rxc1 
24.Bxc1 Nb4 25.Bd2 Nd5 26.g4 Ke7 
27.Bxd5 1/2-1/2

[Event "HCL-B190"]
[Site "www.playchess.de"]
[Date "2001.04.27"]
[Round "22"]
[White "samar"]
[Black "Pelikan"]
[WhiteElo "1483"]
[BlackElo "1417"]
[PlyCount "47"]
[Result "1/2-1/2"]

1.Nc3 c5 2.Nf3 d6 3.d4 cxd4 4.Nxd4 a6 5.g3 Nf6 
6.Bg2 e6 7.O-O Be7 8.a4 O-O 9.Bg5 h6 10.Bxf6 Bxf6 
11.Ne4 Be7 12.c4 Qc7 13.Rc1 Nc6 14.Nxc6 bxc6 15.b4 
Bb7 16.Qd2 Rad8 17.Nc3 Qb8 18.b5 cxb5 19.Bxb7 Qxb7 
20.cxb5 d5 21.Rcb1 axb5 22.Nxb5 Qa6 23.a5 Rdb8 
24.Nc7 {if you accept we can share the first place 
in tournement}  1/2-1/2

[Event "HCL-B190"]
[Site "www.playchess.de"]
[Date "2001.04.27"]
[Round "33"]
[White "sundfar"]
[Black "chesskidding"]
[WhiteElo "1200"]
[BlackElo "1348"]
[PlyCount "68"]
[Result "0-1"]

1.e4 Nf6 {Hello and good luck from Wisconsin. Mike 
here, pleased to make your chess acquaintance}  
2.Nc3 Nc6 3.d4 {hi from Oslo, Norway. I'm new here 
and exited to test my level in this contest. I 
wish you good luck}  d5 {thanks. I am hopeful that 
this will be a good opportunity to improve my 
game.. it needs improving!!}  4.e5 Ne4 {You are 
very gracious Bjorn. Do you play much chess in 
Norway?}  5.Nge2 Nxc3 6.Nxc3 {I have played once a 
week last six months, before that just 
occasionally with family or friends}  Bf5 7.a3 e6 
{I have become an addict with chess. My wife and 
kids try to keep me under control though..(:}  
8.Bf4 Be7 9.Be2 {Addict: I have played a lot of 
blitz chess at the "freechess.org" but please 
don't tell my employer!}  Bg5 {Don't worry.. there 
is honor amongst us thieves...(:}  10.Bxg5 Qxg5 
11.Bf3 a6 12.O-O Qf4 {Nice going! I see you are 
doing well in the tournament!}  13.Ne2 {But this 
game is one of the difficult ones, seems to be an 
interesting game.}  Qh4 {What has happened to our 
Server.. First time I could connect in a while..}  
14.h3 Qd8 {Good to be back again!}  15.c3 {yes, 
life is not worth living without playchess}  Ne7 
16.Ng3 O-O {That might be a bit of a stretch.. but 
I admit I missed the games.}  17.Qd2 Rc8 18.Rac1 
c5 19.b4 cxd4 20.Qxd4 Rc4 21.Qd2 Bg6 22.Be2 Rc8 
23.Bd3 Qb6 24.Bxg6 Nxg6 25.Rfe1 Rfd8 26.Qg5 Rc4 
27.Rc2 Rdc8 28.Rec1 d4 29.Ne4 d3 {the game is 
really getting interesting now my friend!}  30.Nd6 
{yes, the decision is falling within few moves 
now, I think}  dxc2 31.Nxc4 Rxc4 32.Rxc2 h6 33.Qg3 
Qc7 34.a4 {most interesting for you}  
Rxb4 0-1

[Event "HCL-E031"]
[Site "www.playchess.de"]
[Date "2001.04.27"]
[Round "7"]
[White "BEATTY"]
[Black "klypp"]
[WhiteElo "2000"]
[BlackElo "2132"]
[PlyCount "40"]
[Result "0-1"]

1.e4 {Hello. Good luck to you !  :)}  c5 {Thanks! 
And good luck to you!}  2.Nf3 e6 3.d4 cxd4 4.Nxd4 
Nf6 5.Nc3 Bb4 6.e5 Nd5 7.Bd2 Nxc3 8.bxc3 Ba5 9.Qg4 
O-O 10.Bd3 Nc6 11.Nxc6 dxc6 12.Qe4 g6 13.h4 f5 
14.Qf4 Qd5 15.h5 Qxg2 16.Ke2 g5 17.Rag1 gxf4 
18.Rxg2+ Kh8 19.Bxf4 Bd7 20.Rb1 
b6 0-1

[Event "HCL-C193"]
[Site "www.playchess.de"]
[Date "2001.04.27"]
[Round "33"]
[White "craigsadler"]
[Black "guerino"]
[WhiteElo "549"]
[BlackElo "974"]
[PlyCount "66"]
[Result "0-1"]

1.e4 c5 2.Nf3 d6 3.d4 cxd4 4.Nxd4 Nf6 5.Nc3 g6 
6.Bc4 Bg7 7.Bg5 O-O 8.f4 Nc6 9.O-O a6 10.f5 b5 
11.Bb3 Na5 12.Bxf6 Bxf6 13.Nd5 Bg7 14.fxg6 hxg6 
15.Qf3 Bxd4+ 16.Kh1 Bxb2 17.Rab1 Be5 18.Ne3 Nxb3 
19.axb3 Bb7 20.Qg4 Qb6 21.Nd5 Bxd5 22.exd5 Kg7 
23.Rbe1 Rac8 24.Re2 Rc3 25.Rfe1 Rh8 26.h3 Rg3 
27.Qe4 f5 28.Qb4 Kf6 29.Qd2 g5 30.R2e3 Rxe3 
31.Rxe3 g4 32.Kg1 Bd4 33.Kf2 Bxe3+ 0-1

[Event "HCL-B199"]
[Site "www.playchess.de"]
[Date "2001.04.27"]
[Round "14"]
[White "alecs"]
[Black "urkizu"]
[WhiteElo "1200"]
[BlackElo "1300"]
[PlyCount "38"]
[Result "0-1"]

1.d3 e5 2.e3 d5 3.Nd2 Nc6 4.g3 Nf6 5.Bg2 Bg4 6.f3 
Be6 7.g4 Nd7 8.f4 Qh4+ 9.Kf1 Bxg4 10.Ngf3 Qf6 
11.fxe5 Ndxe5 12.d4 Nxf3 13.Bxf3 Nb4 14.a3 Nxc2 
15.Rb1 Nxe3+ 16.Ke1 Nxd1 17.Bxd1 Qh4+ 18.Kf1 Bxd1 
19.b4 Bd6 0-1

[Event "HCL-C202"]
[Site "www.playchess.de"]
[Date "2001.04.27"]
[Round "9"]
[White "DC"]
[Black "papino"]
[WhiteElo "1000"]
[BlackElo "1000"]
[PlyCount "88"]
[Result "0-1"]

1.Nf3 Nf6 {Hello! Best wishes for the game.}  
2.Nc3 g6 3.d4 Bg7 4.e4 d6 5.d5 O-O 6.Bg5 c6 7.Bxf6 
Bxf6 8.dxc6 Nxc6 9.Bb5 Qa5 10.Bxc6 bxc6 11.O-O 
Bxc3 12.bxc3 Qxc3 13.Qd2 Qc5 14.Rfe1 Kg7 15.Qd4+ 
Qxd4 16.Nxd4 Bd7 17.Rab1 Rfb8 18.f4 e5 19.fxe5 
dxe5 20.Nf3 f6 21.h4 Rb6 22.Red1 Be6 23.a4 Rab8 
24.Rxb6 Rxb6 25.Rd6 Kf7 26.g3 Ke7 27.Rd3 Rb4 
28.Rc3 Kd7 29.a5 Rxe4 30.a6 Ra4 31.Rd3+ Kc7 32.c3 
Rxa6 33.Kf2 e4 34.Re3 Ra2+ 35.Ke1 exf3 36.Rxe6 f2+ 
37.Kf1 a5 38.Rxf6 a4 39.Rf7+ Kb6 40.Rxh7 a3 41.Rd7 
Rb2 42.Rd1 a2 43.Ra1 Rb1+ 44.Rxb1+ axb1Q+ {%} 
 0-1

[Event "HCL-B203"]
[Site "www.playchess.de"]
[Date "2001.04.27"]
[Round "15"]
[White "chucaniam"]
[Black "altmax"]
[WhiteElo "1500"]
[BlackElo "1200"]
[PlyCount "82"]
[Result "0-1"]

1.e4 c5 {Good luck!}  2.Nf3 Nc6 3.d4 cxd4 4.Nxd4 
Nf6 5.Nc3 d6 6.Bg5 e6 7.Qd2 Be7 8.O-O-O O-O 9.Ndb5 
d5 10.exd5 Nxd5 11.Bxe7 Ncxe7 12.Nxd5 exd5 13.Nc3 
Be6 14.Be2 a6 15.h4 Rc8 16.g4 Qd6 17.Qg5 d4 18.Ne4 
Qc6 19.Bd3 f6 20.Qd2 Bxg4 21.Rde1 Rfe8 22.Qf4 Bf5 
23.Re2 Bxe4 24.Bxe4 Nd5 25.Qf5 Re5 26.Qxh7+ Kf8 
27.Qh8+ Kf7 28.Qh7 f5 29.Bxd5+ Qxd5 30.Rg1 Rg8 
31.Qg6+ Ke7 32.Rxe5+ Qxe5 33.Kd1 d3 34.cxd3 Qxb2 
35.Re1+ Kd8 36.Qd6+ Kc8 37.Qe6+ Kc7 38.Qxg8 Qb1+ 
39.Ke2 Qc2+ 40.Kf1 Qxd3+ 41.Kg1 
Qd7 0-1

[Event "ACL-A106"]
[Site "www.playchess.de"]
[Date "2001.04.27"]
[Round "6"]
[White "SuperNova"]
[Black "chessnut"]
[WhiteElo "1500"]
[BlackElo "1701"]
[PlyCount "49"]
[Result "1-0"]

1.e4 e5 2.Nc3 Nf6 3.Bc4 Nc6 4.d3 Bc5 5.Nf3 d6 
6.Bg5 h6 7.Bxf6 Qxf6 8.Nd5 Qd8 9.c3 a6 10.d4 exd4 
11.cxd4 Ba7 12.h3 O-O 13.O-O Ne7 14.Rc1 Nxd5 
15.Bxd5 c6 16.Bb3 Re8 17.Qd3 Qf6 18.Rfe1 Qg6 
19.Bc2 c5 20.Nh4 Qf6 21.e5 dxe5 22.Qh7+ Kf8 23.Nf3 
cxd4 24.Ba4 Bf5 25.Nxe5 1-0

[Event "HCL-B202"]
[Site "www.playchess.de"]
[Date "2001.04.27"]
[Round "16"]
[White "Gamlet"]
[Black "Translightor"]
[WhiteElo "1500"]
[BlackElo "1472"]
[PlyCount "84"]
[Result "0-1"]

1.e4 c5 {Good Luck!}  2.Nf3 e6 3.d4 cxd4 4.Nxd4 a6 
5.c4 Nf6 6.Nc3 d6 7.Be3 b6 8.Nb3 Bb7 9.Be2 Be7 
10.Bf3 O-O 11.Qd2 Qc7 12.Rc1 Nbd7 13.Nd4 Rac8 
14.b3 Qb8 15.h3 Ne5 16.Qe2 Rfd8 17.Bf4 Ng6 18.Bh2 
Qa8 19.O-O Nh4 20.Bg4 Nxg4 21.Qxg4 Ng6 22.Nxe6 
fxe6 23.Qxe6+ Kh8 24.f4 Bf8 25.f5 Rde8 26.Qd7 Bc6 
27.Qf7 Re7 28.fxg6 Rxf7 29.Rxf7 hxg6 30.Rcf1 Kg8 
31.Nd5 Bxd5 32.exd5 Re8 33.Rd7 Qc8 34.Ra7 Qc5+ 
35.Kh1 a5 36.Bg1 Qa3 37.Rff7 Qxa2 38.Kh2 Qxb3 
39.Bd4 Qxc4 40.Bxg7 Qxd5 41.Bxf8 Qe5+ 42.Kh1 
Rxf8 0-1

[Event "ACL-A094"]
[Site "www.playchess.de"]
[Date "2001.04.27"]
[Round "20"]
[White "MP"]
[Black "chessnut"]
[WhiteElo "696"]
[BlackElo "1767"]
[PlyCount "61"]
[Result "1-0"]

1.c4 f5 2.d4 Nf6 3.Nc3 e6 4.Nf3 Bb4 5.Bd2 O-O 6.e3 
b6 7.Bd3 Bb7 8.Be2 Na6 9.O-O Ne4 10.Ne5 d6 11.Nd3 
Bxc3 12.bxc3 Qg5 13.f3 Nxd2 14.Qxd2 c5 15.Nf4 Rae8 
16.Kh1 Nc7 17.Nh3 Qh6 18.Rad1 e5 19.d5 Ba6 20.a4 
Rf7 21.e4 Qxd2 22.Rxd2 fxe4 23.fxe4 Rxf1+ 24.Bxf1 
Rf8 25.Kg1 Bc8 26.g3 Rxf1+ 27.Kxf1 Bxh3+ 28.Ke1 
Ne8 29.Ra2 Nf6 30.a5 Nxe4 31.axb6 1-0

[Event "HCL-E033"]
[Site "www.playchess.de"]
[Date "2001.04.27"]
[Round "29"]
[White "luces"]
[Black "Radost"]
[WhiteElo "2000"]
[BlackElo "1969"]
[PlyCount "28"]
[Result "0-1"]

1.d4 f5 {hi}  2.c4 Nf6 3.Nc3 e6 4.Nf3 Bb4 5.Bg5 
O-O 6.e3 c5 7.Bd3 Qa5 8.Qb3 Ne4 9.Rc1 Nc6 10.O-O 
Nxg5 11.Nxg5 cxd4 12.exd4 Nxd4 13.Qd1 Be7 14.Qh5 
h6 0-1

[Event "HCL-E033"]
[Site "www.playchess.de"]
[Date "2001.04.27"]
[Round "33"]
[White "luces"]
[Black "KARFOPOULOS"]
[WhiteElo "2000"]
[BlackElo "2330"]
[PlyCount "30"]
[Result "0-1"]

1.d4 Nf6 {good luck!}  2.c4 g6 3.Nc3 d5 4.cxd5 
Nxd5 5.e4 Nxc3 6.bxc3 c5 7.Bc4 Bg7 8.Ne2 O-O 9.O-O 
Nc6 10.Be3 Bg4 11.f3 Na5 12.Bxf7+ Rxf7 {Seville 
variation? I must open my old notes}  13.fxg4 
Rxf1+ 14.Kxf1 Qd6 15.Kg1 Qe6 0-1

[Event "HCL-E033"]
[Site "www.playchess.de"]
[Date "2001.04.27"]
[Round "36"]
[White "MarkusSSG"]
[Black "luces"]
[WhiteElo "2308"]
[BlackElo "2000"]
[PlyCount "23"]
[Result "1-0"]

1.d4 d6 2.Bf4 Nf6 3.h3 g6 4.e3 Bg7 5.Nd2 O-O 
6.Ngf3 Nbd7 7.Be2 c5 8.c3 d5 9.O-O Nh5 10.Be5 Nxe5 
11.Nxe5 Bxe5 12.dxe5 1-0

[Event "ACL-A118"]
[Site "www.playchess.de"]
[Date "2001.04.27"]
[Round "10"]
[White "chessnut"]
[Black "guerino"]
[WhiteElo "1951"]
[BlackElo "1325"]
[PlyCount "63"]
[Result "1-0"]

1.c4 Nf6 2.g3 g6 3.Bg2 Bg7 4.Nc3 O-O 5.e4 d6 
6.Nge2 Bd7 7.d4 c5 8.e5 dxe5 9.dxe5 Ne8 10.Bxb7 
Nc6 11.Bxa8 Qxa8 12.Qxd7 Nxe5 13.Qd5 Nc7 14.Qxa8 
Rxa8 15.Bf4 Ne6 16.Bxe5 Bxe5 17.O-O-O Kf8 18.f4 
Bf6 19.Rd7 Ke8 20.Rhd1 Nd4 21.Rb7 a6 22.Nxd4 Bxd4 
23.Nd5 e6 24.Nc7+ Kf8 25.Nxa8 Kg7 26.Rxd4 cxd4 
27.c5 Kf6 28.c6 h5 29.c7 a5 30.c8Q {%}  a4 31.Qf8 
d3 32.Qxf7+ 1-0

[Event "HCL-C224"]
[Site "www.playchess.de"]
[Date "2001.04.27"]
[Round "20"]
[White "DrNickRiviera"]
[Black "Sirob11"]
[WhiteElo "1074"]
[BlackElo "999"]
[PlyCount "66"]
[Result "0-1"]

1.Nf3 d6 {Hello}  2.e4 e5 3.Bc4 Nc6 4.Nc3 Be6 
5.Bxe6 fxe6 6.d3 Nf6 7.Be3 d5 8.exd5 exd5 9.O-O d4 
10.Bxd4 exd4 11.Re1+ Be7 12.Ng5 Qd7 13.Nb5 O-O-O 
14.Nf7 Rhf8 15.Nxd8 Qxd8 16.c3 Bc5 17.b4 Bb6 18.c4 
Nxb4 19.Qd2 Ng4 20.f3 Ne3 21.Re2 Nc6 22.Qe1 Bc5 
23.Qg3 Bd6 24.Qxg7 Qe7 25.Qh6 Rg8 26.Nxd6+ cxd6 
27.Qh3+ Qd7 28.Qh5 Ne5 29.Qh4 Nxf3+ 30.Kh1 Nxh4 
31.g3 Qg4 32.Ree1 Qf3+ 33.Kg1 Qg2+ 0-1

[Event "ACL-A122"]
[Site "www.playchess.de"]
[Date "2001.04.27"]
[Round "4"]
[White "Mother_Teresa"]
[Black "Smutje"]
[WhiteElo "1497"]
[BlackElo "1114"]
[PlyCount "71"]
[Result "1-0"]

1.e4 e5 2.Nf3 c6 3.Bc4 b5 4.Bb3 Qf6 5.O-O Bc5 6.a3 
Qg6 7.d3 d6 8.c3 Bh3 9.Ng5 h6 10.Bxf7+ Qxf7 {shit} 
 11.Nxf7 Kxf7 12.gxh3 Nf6 13.Be3 g5 14.Bxc5 dxc5 
15.Nd2 c4 16.dxc4 g4 17.hxg4 Rg8 18.h3 Nbd7 19.a4 
bxc4 20.Nxc4 Rad8 21.Nd6+ Kg7 22.Nf5+ Kf7 23.Nxh6+ 
Kf8 24.Nxg8 Kxg8 25.Qb3+ Kg7 26.f3 Nc5 27.Qb4 Nd3 
28.Qe7+ Kg6 29.Qxd8 Nf4 30.h4 Nh3+ 31.Kh2 Nf4 
32.b4 Ne6 33.h5+ Kg5 34.Qe7 Nf4 35.Qg7+ Kh4 
36.Qxf6+ 1-0

[Event "ACL-A112"]
[Site "www.playchess.de"]
[Date "2001.04.27"]
[Round "6"]
[White "flywheel"]
[Black "ulibear"]
[WhiteElo "1500"]
[BlackElo "1501"]
[PlyCount "70"]
[Result "0-1"]

1.e4 c6 2.e5 d5 3.exd6 Qxd6 4.d4 Nf6 5.Nf3 Bg4 
6.Bc4 e6 7.Bg5 Ne4 {careful, poisinous move}  
8.Nc3 Nxg5 {had 2 threats, one covered only}  
9.Qd3 Nxf3+ 10.gxf3 Bf5 11.Ne4 Qb4+ 12.Qc3 Qxc3+ 
13.Nxc3 Bb4 14.O-O-O O-O 15.a3 Be7 16.h4 b5 17.Bd3 
Bxd3 18.Rxd3 a5 19.a4 b4 20.Ne4 Na6 21.h5 h6 
22.Nc5 Bxc5 23.dxc5 Nxc5 24.Rd6 Rac8 25.c4 Rfd8 
26.Rhd1 Rxd6 27.Rxd6 Kf8 28.Kd2 Ke7 29.Rd3 Nxd3 
30.Kxd3 Rd8+ 31.Ke4 Rd2 {getting easier now}  
32.b3 Rb2 33.Kd4 Rxb3 34.Kc5 Rxf3 {my pawn b4 is 
free to run}  35.Kxc6 {yes, I will give you the 
game next move. Have too many games going to take 
time trying for stalemate}  b3 {nice to meet you 
another time}  0-1

[Event "HCL-B229"]
[Site "www.playchess.de"]
[Date "2001.04.27"]
[Round "13"]
[White "Michael"]
[Black "daniela"]
[WhiteElo "929"]
[BlackElo "1321"]
[PlyCount "62"]
[Result "0-1"]

1.d4 g6 {I wish us an interesting game.}  2.Bf4 
Bg7 3.Nf3 d6 4.Nc3 Nd7 5.e4 c5 6.d5 Nb6 7.e5 dxe5 
8.Bxe5 Bxe5 9.Nxe5 Nf6 10.Bb5+ Bd7 11.Qd3 O-O 
12.O-O-O Bf5 13.Qg3 Qc7 14.f4 Rad8 15.Bd3 Bxd3 
16.Rxd3 Nbxd5 17.Qg5 Nxc3 18.bxc3 Ne4 19.Qh4 Rxd3 
20.cxd3 Nxc3 21.Qf2 Qb6 22.Nc4 Qb1+ 23.Kd2 Qxh1 
24.Kxc3 Qc1+ 25.Kb3 b5 26.Qxc5 bxc4+ 27.dxc4 Rb8+ 
28.Ka4 Qb2 29.h4 Qxa2+ 30.Qa3 Qxc4+ 31.Ka5 
Qb5+ 0-1

[Event "HCL-B237"]
[Site "www.playchess.de"]
[Date "2001.04.27"]
[Round "3"]
[White "uiai"]
[Black "Bauernopfer"]
[WhiteElo "1220"]
[BlackElo "1315"]
[PlyCount "63"]
[Result "1-0"]

1.c4 e5 2.Nc3 Nf6 3.g3 Bb4 4.Bg2 Nc6 5.a3 Bxc3 
6.bxc3 d6 7.d3 O-O 8.Nf3 Bg4 9.O-O h6 10.h3 Bxf3 
11.Bxf3 Qd7 12.Kh2 a6 13.Rb1 Rab8 14.Qc2 b6 15.e4 
Ne7 {c2-a4 was better!}  16.Bb2 a5 {.}  17.d4 exd4 
18.cxd4 c5 19.e5 dxe5 20.dxe5 Ne8 21.Rbd1 Qf5 
22.Be4 Qe6 23.f4 g6 24.Bd5 Nxd5 25.cxd5 Qd7 26.e6 
Qe7 27.f5 gxf5 28.Qxf5 f6 29.Rf4 Nd6 30.Rg4+ Kh8 
31.Qh5 Qh7 32.Rg6 1-0

[Event "HCL-B238"]
[Site "www.playchess.de"]
[Date "2001.04.27"]
[Round "6"]
[White "Sixty4"]
[Black "lionkovash"]
[WhiteElo "1661"]
[BlackElo "1400"]
[PlyCount "59"]
[Result "1-0"]

1.b4 d5 2.Bb2 {Hi, I'm Thomas from Germany.}  Nf6 
{Hi Thomas..I'm Seth from USA}  3.e3 {Which city?} 
 g6 {Chicago...how about you?}  4.f4 {Hanau (near 
Frankfurt)}  Bg7 5.Nf3 O-O 6.Be2 Nc6 7.b5 Nb4 8.a3 
Nxc2+ 9.Qxc2 Bf5 10.d3 c6 11.a4 Ne4 12.Bxg7 {What 
a surprise!}  Kxg7 13.dxe4 Bxe4 14.Qc3+ Kg8 
15.Nbd2 Qd6 16.O-O Rad8 17.Rfd1 c5 18.Nxe4 Qd7 
19.Ne5 d4 20.Qb3 Qf5 21.Ng5 Kg7 22.Bd3 Qf6 23.g3 
dxe3 24.Ng4 Qd4 25.Bc4 f6 26.Ne6+ Kh8 27.Rxd4 cxd4 
28.Rd1 Rfe8 29.Nxd8 Rxd8 30.Nxe3 1-0

[Event "ACL-A113"]
[Site "www.playchess.de"]
[Date "2001.04.27"]
[Round "13"]
[White "dlc"]
[Black "foxzy"]
[WhiteElo "1500"]
[BlackElo "1266"]
[PlyCount "54"]
[Result "0-1"]

1.e4 c5 2.Nf3 Nc6 3.c3 Nf6 4.Qc2 d6 5.d4 cxd4 
6.cxd4 e6 7.Nc3 g6 8.Be2 Bg7 9.O-O O-O 10.Be3 Re8 
11.Qd2 e5 12.d5 Ne7 13.Rac1 a6 14.h3 b5 15.b4 Bd7 
16.Nh2 Nc8 17.Bd3 Nb6 18.f3 Rc8 19.Ne2 Nh5 20.g4 
Rxc1 21.Qxc1 Nf6 22.Bg5 Qb8 23.h4 Rc8 24.Qe1 Na4 
25.h5 gxh5 26.Qh4 hxg4 27.Bxf6 
Bxf6 0-1

[Event "HCL-A100"]
[Site "www.playchess.de"]
[Date "2001.04.27"]
[Round "7"]
[White "Gorodish"]
[Black "Kasparovjr"]
[WhiteElo "1790"]
[BlackElo "1720"]
[PlyCount "96"]
[Result "0-1"]

1.c4 e5 {Hi :)}  2.Nc3 {Hi, greetings from 
germany}  Nf6 3.e4 Nc6 {You are obviously not a 
fan of opening theory.}  4.Nf3 {exactly! I wanna 
play, not reading openings books :-)are you really 
kasparovjr?}  Bc5 {That depends, I am a kasparov 
in way of playing.}  5.Be2 d6 6.O-O O-O 7.d3 h6 
8.Be3 Bxe3 9.fxe3 Ne7 10.Qd2 Ng6 11.Nd1 c5 12.b4 
cxb4 13.Qxb4 b6 14.h3 Qc7 15.Nc3 Qc5 16.Qxc5 dxc5 
17.Nd5 Nxd5 18.exd5 Bd7 19.Nd2 f5 20.Rf2 Rf6 
21.Bh5 Raf8 22.Bxg6 Rxg6 23.Nf3 Re8 24.Nh4 Rg3 
25.Rf3 Rxf3 26.Nxf3 e4 27.Nd2 exd3 28.Kf2 Ba4 
29.Kf3 a6 30.Rc1 Bc2 31.g4 fxg4+ 32.hxg4 Kf7 33.e4 
b5 34.Re1 Kf6 35.Rh1 bxc4 36.Nxc4 Rxe4 37.Kxe4 d2+ 
{Did you see that one coming?}  38.Kf4 {yes, I 
have seen it, but what can I do?}  d1Q {%}  
39.Rxd1 Bxd1 {Do not know if it is enough to win 
though.}  40.Ne3 {I think you will win the game, 
its difficult, but your bishop is stronger than my 
horse ...}  Be2 {Yes, and your pawns on g4 and d5 
are weak.}  41.Ke4 g6 42.Kf4 c4 43.Nc2 g5+ 44.Ke3 
Bxg4 45.Kd4 Be2 46.Ne3 h5 47.Kc5 Ke7 48.Kc6 Kd8 
{Now its time for you to stop my pawns!} 
 0-1

[Event "ACL-A131"]
[Site "www.playchess.de"]
[Date "2001.04.27"]
[Round "4"]
[White "Venezuela"]
[Black "ggaarrii"]
[WhiteElo "795"]
[BlackElo "1211"]
[PlyCount "60"]
[Result "0-1"]

1.e4 {GOOD LUCK!}  c5 2.d4 cxd4 3.Qxd4 Nc6 4.Qc4 
e6 5.a3 Nf6 6.Nc3 a6 7.Bg5 Be7 8.Bd3 b5 9.Nxb5 
axb5 10.Qa2 Qb6 11.Be3 Qc7 12.Bxb5 Qa5+ 13.c3 Qxb5 
14.c4 Qe5 15.Nf3 Qxe4 16.O-O O-O 17.Bg5 Ba6 18.b3 
Nd4 19.Nxd4 Qxd4 20.Rad1 Qa7 21.Qd2 Rfd8 22.Rfe1 
Rab8 23.Re3 d5 24.Rd3 Ne4 25.Be3 Qc7 26.cxd5 Nxd2 
27.R3xd2 Bxa3 28.dxe6 Rxd2 29.Bxd2 fxe6 30.Ra1 
Qd6 0-1

[Event "CCL-E015"]
[Site "www.playchess.de"]
[Date "2001.04.27"]
[Round "7"]
[White "joepechie"]
[Black "brisas2k"]
[WhiteElo "2001"]
[BlackElo "2000"]
[PlyCount "31"]
[Result "1-0"]

1.e4 {Hello...Good luck}  Nf6 2.e5 Nd5 3.c4 Nb6 
4.d4 d6 5.f4 dxe5 6.fxe5 Bf5 7.Nc3 Nc6 8.Be3 e6 
9.Be2 Be7 10.Nf3 O-O 11.O-O f6 12.exf6 Bxf6 13.Qd2 
Qe7 14.Rad1 Rad8 15.Qc1 a6 16.b3 1-0

[Event "HCL-B250"]
[Site "www.playchess.de"]
[Date "2001.04.27"]
[Round "17"]
[White "lonewolf"]
[Black "theboygeniun"]
[WhiteElo "1428"]
[BlackElo "1200"]
[PlyCount "25"]
[Result "1-0"]

1.d4 d5 2.c4 Nf6 3.Nc3 e6 4.Bg5 Be7 5.e3 h6 6.Bxf6 
Bxf6 7.Nf3 O-O 8.Rc1 Re8 9.Bd3 Nc6 10.O-O dxc4 
11.Bxc4 a6 12.Ne4 e5 13.Qb3 1-0

[Event "HCL-B250"]
[Site "www.playchess.de"]
[Date "2001.04.27"]
[Round "20"]
[White "theboygeniun"]
[Black "raqueldouve"]
[WhiteElo "1200"]
[BlackElo "1200"]
[PlyCount "22"]
[Result "0-1"]

1.e4 e5 2.Nc3 Nf6 3.Nf3 Bb4 4.d3 Bxc3+ 5.bxc3 d6 
6.Be2 Be6 7.O-O h6 8.Re1 Nbd7 9.Bd2 d5 10.exd5 
Bxd5 11.d4 e4 0-1

[Event "HCL-A113"]
[Site "www.playchess.de"]
[Date "2001.04.27"]
[Round "35"]
[White "Geoffrey16"]
[Black "janus"]
[WhiteElo "1820"]
[BlackElo "1873"]
[PlyCount "22"]
[Result "0-1"]

1.e4 Nc6 {Good luck for you and a thrilling game 
for us !!}  2.Nf3 {thanks you too. i will try my 
very best. from philippines here.}  e5 {Ok - I 
hope so *smile* !! Greetings from germany !}  
3.Bb5 {i saw a lot of people from germany is 
really good. your one of them? hope not!. he he 
just kidding.}  a6 {I am one member of the german 
"mafia" *doublesmile* !!!}  4.Ba4 {Mafia ? what is 
that?}  Nf6 {The term "mafia" means originell the 
criminal connection in italy (the "godfather")}  
5.d3 {oh. man tour. wins 6 your good. do you play 
in any other site>?}  Bc5 {Thanks for the 
compliment ! I play only at "playchess"}  6.Nc3 
{Oh. i play in pacmall online chess, it's tight in 
there there is top 40 and ladder.}  O-O {Then I 
wish you much success !!!}  7.O-O {thank you.}  b5 
8.Bb3 Bb7 9.Bg5 Be7 10.Bxf6 Bxf6 11.Nd5 
Na5 0-1

[Event "HCL-B250"]
[Site "www.playchess.de"]
[Date "2001.04.27"]
[Round "35"]
[White "real1"]
[Black "theboygeniun"]
[WhiteElo "1227"]
[BlackElo "1200"]
[PlyCount "25"]
[Result "1-0"]

1.d4 d5 2.c4 Nf6 3.Nc3 e6 4.c5 Nc6 5.Nf3 Be7 6.g3 
O-O 7.Bg2 h6 8.O-O Bd7 9.Re1 a6 10.e4 Nxe4 11.Nxe4 
b6 12.Bf4 bxc5 13.dxc5 1-0

[Event "HCL-B226"]
[Site "www.playchess.de"]
[Date "2001.04.27"]
[Round "16"]
[White "Denzil"]
[Black "Translightor"]
[WhiteElo "1737"]
[BlackElo "1488"]
[PlyCount "66"]
[Result "0-1"]

1.e4 e5 {Good luck!}  2.f4 exf4 3.Nf3 {Good luck 
to you also!}  Nf6 4.d3 d5 5.e5 Nh5 6.Qe2 Bg4 7.h3 
Ng3 8.Qd2 {oh dear!}  Bxf3 {A bit nasty, I 
suppose...}  9.Rg1 Nxf1 10.Rxf1 Qh4+ 11.Qf2 Qxf2+ 
12.Rxf2 Bh5 13.Bxf4 Bc5 14.Rd2 Nd7 15.g4 Bg6 
16.Nc3 c6 17.O-O-O O-O-O 18.d4 Bb6 19.Na4 Bc7 
20.h4 f6 21.e6 Bxf4 22.exd7+ Rxd7 23.h5 Bf7 24.Rf1 
Bxd2+ 25.Kxd2 Rhd8 26.Nc5 Re7 27.h6 b6 28.Na6 Rde8 
29.hxg7 R7e2+ 30.Kd1 R2e7 31.Rxf6 Rg8 32.Rxc6+ Kb7 
33.Nb4 a5 0-1

[Event "HCL-C258"]
[Site "www.playchess.de"]
[Date "2001.04.27"]
[Round "3"]
[White "liero2"]
[Black "Andreas_Sprock"]
[WhiteElo "799"]
[BlackElo "1000"]
[PlyCount "28"]
[Result "0-1"]

1.e4 e5 2.Nf3 Nc6 3.Bb5 a6 4.Bxc6 bxc6 5.O-O Nf6 
6.d3 d6 7.Nc3 Be7 8.Be3 O-O 9.a3 Bb7 10.b4 Re8 
11.Re1 d5 12.exd5 cxd5 13.Nb1 Ng4 14.c3 
d4 0-1